II. Les trajectoires diverses des continents (1969-1975) - Statistiques

Statistiques générales
  • Ce quiz a été pris 2 fois
  • Le résultat moyen est 6 sur 16
Statistiques - réponses
Hint Réponse % Correct
Chicago boys (année) 1975
100%
CHINE : Révolution culturelle (années) 1966-1976
50%
Amorcement d'un rapprochement avec USA (année) 1969
50%
CHILI : Mandat Salvador Allende (années) 1970-1973
50%
INDE : Guerre Inde vs Pakistan (année) 1971
50%
Visite Nixon en Chine / Chine à l'ONU (année) 1972
50%
Mort de Mao Zedong, Deng Xiaoping (année) 1976
50%
ARGENTINE : renversement du président Peron (année) 1976
50%
Attaques contre le Vietnam (année) 1978
50%
Renversement des khmers rouges (année) 1979
50%
Coup d'État Pinochet (jour+mois+année) 11 septembre 1973
0%
Prise de Phnom Penh par les khmers rouges 17 avril 1975
0%
BRÉSIL : renversement du président Goulart (année) 1964
0%
CAMBODGE : montée des khmers rouges (années ....) années 1960
0%
Théologie de la libération (années....) années 1960
0%
Opération Condor (mois+année) novembre 1975
0%
Aucun quiz correspondant
Distribution des résultats
% des personnes avec chaque résultat
Percentile par nombre de réponses
Votre historique - résultats
Vous n’avez pas pris ce quiz